1209 1588 1785 1757 1895 1558 1576 1609 1040 1471 1266 1850 1175 1237 1218 1957 1212 1001 1875 1460 1131 1893 1519 1029 1981 1817 1318 1064 1187 1454 1241 1834 1955 1450 1593 1600 1928 1431 1994 1005 1962 1221 1488 1773 1588 1081 1637 1282 1750 1422 1642 1067 1513 1016 1960 1480 1844 1200 1988 1007 1199 1404 1003 1429 1418 1095 1872 1629 1661 1891 1668 1540 1072 1844 1713 1634 1940 1750 1725 1695 1029 1202 1953 1285 1477 1232 1547 1656 1513 1679 1350 1139 1351 1232 1067 1218 1718 1997 1251 BCNSPRNW ULIB Ver.6.0+V

เปลี่ยนเป็นภาษาไทย

Change to English
 แสดงรายละเอียดบรรณานุกรม
  กลับหน้าหลัก

Brief Record : Get Marc (ISO 2709) : E-mail record : QR code < ปิดหน้าต่าง
LEADER : 00000nam 2200000uu 4500
001    13399120057
003     ULIB
008    110211s2552||||th 000 0 tha d
020    9744655593
020    9789744655592
041 0  tha
060 04 WY157.3^bด153ก
100 0  ดวงกมล ปิ่นเฉลียว
245 10 การพยาบาลมารดาที่ได้รับการผ่าตัดคลอดทางหน้าท้องการคลอดโดยใช้คีมและเครื่องดูดสูญญากาศ /^cดวงกมล ปิ่นเฉลี่ยว
250    พิมพ์ครั้งที่ 3
260    นนทบุรี :^bโครงการสวัสดิการวิชาการ สถาบันพระบรมราชชนก,^c2552
300    164 หน้า :^bภาพประกอบ ;^c27 ซม.
650  7 การคลอด
650  7 การผ่าท้องคลอด
650  7 การพยาบาลสูติศาสตร์
710 2  โครงการสวัสดิ์การวิชาการ สบช.
945    ^p150^l0^i028696
945    ^p150^l0^i028693
945    ^p150^l0^i028697
945    ^p150^l0^i032553
945    ^p150^l0^i032554
945    ^p150^l0^i032555
945    ^p150^l0^i032556
945    ^p150^l0^i032557
945    ^p150^l0^i028695
945    ^p150^l0^i020132
945    ^p150^l0^i018694
995    ทศพร
999 ^a ใช้งานได้ทุกระบบ
รายการนี้ยังไม่มีแท็ก
คุณยังไม่ได้ล็อกอิน คุณสามารถมีกิจกรรมร่วมกับเว็บไซต์ได้ แต่ต้องล็อกอินก่อน ::
  ล็อกอิน

รายการสื่อสารสนเทศ

ลำดับที่ ประเภท เลขเรียก/บาร์โค้ด สถานที่ สถานะ
1. Book การพยาบาล
Book การพยาบาล
WY157.3 ด153ก ฉ.10 
  Barcode: 028696
ห้องสมุดวิทยาเขตสวรรค์ประชารักษ์
►หนังสือทั่วไป
บนชั้น
2. Book การพยาบาล
Book การพยาบาล
WY157.3 ด153ก ฉ.10 
  Barcode: 020132
ห้องสมุดวิทยาเขตสวรรค์ประชารักษ์
►ส่วนจัดเก็บหนังสือเก่า สปร
บนชั้น
  ขอยืม
3. วิทยาศาสตร์การแพทย์ และสุขภาพ
วิทยาศาสตร์การแพทย์ และสุขภาพ
WY157.3 ด153ก ฉ.11 
  Barcode: 028697
ห้องสมุดวิทยาเขตสวรรค์ประชารักษ์
►หนังสือทั่วไป
บนชั้น
4. Book การพยาบาล
Book การพยาบาล
WY157.3 ด153ก ฉ.11 
  Barcode: 018694
ห้องสมุดวิทยาเขตสวรรค์ประชารักษ์
►ส่วนจัดเก็บหนังสือเก่า สปร
บนชั้น
  ขอยืม
5. วิทยาศาสตร์การแพทย์ และสุขภาพ
วิทยาศาสตร์การแพทย์ และสุขภาพ
WY157.3 ด153ก ฉ.4 
  Barcode: 032556
ห้องสมุดวิทยาเขตสวรรค์ประชารักษ์
►ส่วนจัดเก็บหนังสือเก่า สปร
บนชั้น
  ขอยืม
6. วิทยาศาสตร์การแพทย์ และสุขภาพ
วิทยาศาสตร์การแพทย์ และสุขภาพ
WY157.3 ด153ก ฉ.5 
  Barcode: 032557
ห้องสมุดวิทยาเขตสวรรค์ประชารักษ์
►ส่วนจัดเก็บหนังสือเก่า สปร
บนชั้น
  ขอยืม
7. วิทยาศาสตร์การแพทย์ และสุขภาพ
วิทยาศาสตร์การแพทย์ และสุขภาพ
WY157.3 ด153ก ฉ.7 
  Barcode: 028693
ห้องสมุดวิทยาเขตสวรรค์ประชารักษ์
►หนังสือทั่วไป
บนชั้น
8. วิทยาศาสตร์การแพทย์ และสุขภาพ
วิทยาศาสตร์การแพทย์ และสุขภาพ
WY157.3 ด153ก ฉ.9 
  Barcode: 028695
ห้องสมุดวิทยาเขตสวรรค์ประชารักษ์
►หนังสือทั่วไป
บนชั้น

รายการใกล้เคียง
    ผู้แต่ง [ดวงกมล ปิ่นเฉลียว]

    หัวเรื่อง [การคลอด]
    หัวเรื่อง [การผ่าท้องคลอด]
    หัวเรื่อง [การพยาบาลสูติศาสตร์]

BibComment


ยังไม่เคยถูกคอมเมนท์

คอมเมนท์ทรัพยากรรายการนี้
  คอมเมนท์: การพยาบาลมารดาที่..


 Copyright 2026. Bcnsprnw @Library